000 00383nam a2200169Ia 4500
001 5079
003 IN-NITTTR
005 20251114233006.0
008 251113s9999||||xx |||||||||||||| ||eng||
040 _beng
040 _cIN-NITTTR
041 _aeng
082 _a516.362 H529D
100 _aHicks, Noel J.
245 0 _aDifferential geometry. /
_cHicks, Noel J.
942 _2ddc
_cBK
999 _c7715
_d7715